Gender: a Sociological Understanding/ (Record no. 178600)

MARC details
000 -LEADER
fixed length control field 00655nam a22001817a 4500
005 - DATE AND TIME OF LATEST TRANSACTION
control field 20210407153308.0
010 ## - LCCN (DPL NO)
LC control number ENG-129385
020 ## - INTERNATIONAL STANDARD BOOK NUMBER
Terms of availability 455.00
International Standard Book Number 978-93-905-2543-6
035 ## - SYSTEM CONTROL NUMBER
System control number EN-112917
037 ## - SOURCE OF ACQUISITION
Source of stock number/acquisition DBAD/PUB
082 ## - DEWEY DECIMAL CLASSIFICATION NUMBER
Classification number 305.3
100 ## - MAIN ENTRY--PERSONAL NAME
Personal name Bhatia, Reema
245 ## - TITLE STATEMENT
Title Gender: a Sociological Understanding/
Remainder of title Reema Bhatia
260 ## - PUBLICATION, DISTRIBUTION, ETC. (IMPRINT)
Place of publication, distribution, etc Noida
Name of publisher, distributor, etc Pearson
Date of publication, distribution, etc 2021
270 ## - ADDRESS
Address 15th floor,Tower-B,Word Trade Tower,Plot no.1,Block-C sec 16,
City Noida
Postal code 201301
Telephone number 04466540100
Electronic mail address companysecretary.india@pearson.com
300 ## - PHYSICAL DESCRIPTION
Extent xxxiii+406p.
Dimensions 23cm(pbk)
Other physical details including graphs, tables, illustrations and index.
942 ## - ADDED ENTRY ELEMENTS (KOHA)
Source of classification or shelving scheme Dewey Decimal Classification
Item type English Books
Classification part 305.3
Call number suffix BHA
Holdings
Withdrawn status Lost status Not for loan Collection code Home library Current library Date acquired Source of acquisition Cost, normal purchase price Full call number Barcode Copy number Cost, replacement price Koha item type
      Non-fiction Bawana Bawana 07/04/2021 DBAD/PUB 455.00 305.3 BHA EN-112917 1 455.00 English Books

© Delhi Public Library
Hit Counter
free hit counter